[Event "Ufa-ch FL"]
[Site "Ufa"]
[Date "2012.11.22"]
[Round "4"]
[White "Ataullin, Ilshat"]
[Black "Ilkin, Albert"]
[Result "1/2-1/2"]
[WhiteElo "1995"]
[BlackElo "2172"]
[PlyCount "82"]
[EventDate "2012.11.19"]
[EventType "swiss"]
[EventRounds "9"]
[EventCountry "RUS"]
[SourceTitle "EXT 2023"]
[Source "ChessBase"]
[SourceDate "2022.10.05"]
[SourceVersion "1"]
[SourceVersionDate "2022.10.05"]
[SourceQuality "1"]

1. e4 e5 2. Nf3 Nc6 3. d4 exd4 4. Nxd4 Bc5 5. Nxc6 Qf6 6. Qd2 Qxc6 7. Bd3 Ne7 8. 0-0 0-0 9. b3 Qf6 10. Nc3 Bd4 11. Bb2 d6 12. Nd5 Nxd5 13. Bxd4 Qxd4 14. exd5 Bf5 15. Rad1 Qxd5 16. Qg5 g6 17. c4 f6 18. Qh6 Qf7 19. Bxf5 gxf5 20. Qf4 Rae8 21. Qxf5 Re5 22. Qf3 b6 23. Rd4 a5 24. Rf4 Kg7 25. h3 Rfe8 26. Kh2 Qg6 27. Rd1 Re4 28. Rd4 Rxd4 29. Rxd4 Re5 30. h4 f5 31. Qc6 Re7 32. Rf4 Qe6 33. Qf3 Rf7 34. a4 Qe5 35. Kg1 Qe1+ 36. Kh2 Qe5 37. Kh3 Qe6 38. Kh2 h6 39. g3 Qe5 40. Kg2 Kf6 41. Kf1 Kg6 1/2-1/2

[Event "Ufa-ch FL"]
[Site "Ufa"]
[Date "2012.11.21"]
[Round "3"]
[White "Ilkin, Albert"]
[Black "Khasanshin, Airat"]
[Result "1-0"]
[WhiteElo "2172"]
[BlackElo "1815"]
[PlyCount "55"]
[EventDate "2012.11.19"]
[EventType "swiss"]
[EventRounds "9"]
[EventCountry "RUS"]
[SourceTitle "EXT 2023"]
[Source "ChessBase"]
[SourceDate "2022.10.05"]
[SourceVersion "1"]
[SourceVersionDate "2022.10.05"]
[SourceQuality "1"]

1. e4 c5 2. Nf3 d6 3. d4 cxd4 4. Nxd4 Nf6 5. Nc3 Nc6 6. Bc4 Qb6 7. Nb3 Qb4 8. Bd3 Ne5 9. Bb5+ Bd7 10. a3 Qxc3+ 11. bxc3 Bxb5 12. f3 e6 13. a4 Ba6 14. Nd4 d5 15. Nb5 Bxb5 16. axb5 dxe4 17. Qd4 Ned7 18. Ba3 Bxa3 19. Rxa3 b6 20. fxe4 0-0 21. e5 Nd5 22. c4 Nb4 23. Qd2 Nxc2+ 24. Qxc2 Nc5 25. 0-0 Rfc8 26. Rfa1 Rc7 27. Qe2 h6 28. Qf3 1-0

[Event "Ufa Gumerov Memorial op"]
[Site "Ufa"]
[Date "2012.08.08"]
[Round "8"]
[White "Litvinov, Maxim"]
[Black "Ilkin, Albert"]
[Result "1/2-1/2"]
[WhiteElo "1947"]
[BlackElo "2180"]
[PlyCount "140"]
[EventDate "2012.08.01"]
[EventType "swiss"]
[EventRounds "9"]
[EventCountry "RUS"]
[SourceTitle "EXT 2013"]
[Source "ChessBase"]
[SourceDate "2012.11.22"]
[SourceVersion "1"]
[SourceVersionDate "2012.11.22"]
[SourceQuality "1"]

1. e4 e5 2. Nf3 Nc6 3. Bb5 a6 4. Bxc6 dxc6 5. Nc3 f6 6. d4 exd4 7. Nxd4 c5 8. Nde2 Qxd1+ 9. Nxd1 Bd6 10. Bf4 Bxf4 11. Nxf4 Ne7 12. Ne3 Bd7 13. Nfd5 Nxd5 14. Nxd5 0-0-0 15. 0-0-0 Rhe8 16. f3 f5 17. Nc3 b6 18. Rhe1 fxe4 19. Rxe4 Rxe4 20. Nxe4 Re8 21. Kd2 Bc6 22. Ke3 a5 23. c3 Kb7 24. g4 b5 25. h4 Kb6 26. g5 h6 27. gxh6 gxh6 28. Rg1 Re6 29. Kf4 Bd5 30. a3 b4 31. Kf5 Kb5 32. h5 Rb6 33. Rg7 Rc6 34. f4 bxa3 35. bxa3 Ka4 36. Ke5 Bc4 37. Rg6 Rb6 38. f5 Kxa3 39. f6 Re6+ 40. Kf5 Re8 41. Nxc5 Kb2 42. Rg7 Kxc3 43. f7 Re3 44. Ne4+ Kb4 45. Nd2 Bxf7 46. Rxf7 Rd3 47. Nb1 Rg3 48. Kf4 Rg5 49. Rf5 Rg1 50. Nd2 a4 51. Ke3 a3 52. Rf4+ Kb5 53. Rf2 a2 54. Nb3 Rg3+ 55. Kf4 Rxb3 56. Rxa2 Rb1 57. Kf5 Rg1 58. Rb2+ Kc6 59. Rc2+ Kd7 60. Rd2+ Kc8 61. Ke6 Rg5 62. Rh2 Kb7 63. Rb2+ Kc6 64. Rc2+ Rc5 65. Rxc5+ Kxc5 66. Kf6 Kd6 67. Kg6 Ke6 68. Kxh6 Kf6 69. Kh7 c5 70. h6 Kf7 1/2-1/2

[Event "Ufa Gumerov Memorial op"]
[Site "Ufa"]
[Date "2012.08.02"]
[Round "2"]
[White "Ilkin, Albert"]
[Black "Ardashirov, Akhtjam"]
[Result "0-1"]
[WhiteElo "2180"]
[BlackElo "1994"]
[PlyCount "186"]
[EventDate "2012.08.01"]
[EventType "swiss"]
[EventRounds "9"]
[EventCountry "RUS"]
[SourceTitle "EXT 2013"]
[Source "ChessBase"]
[SourceDate "2012.11.22"]
[SourceVersion "1"]
[SourceVersionDate "2012.11.22"]
[SourceQuality "1"]

1. e4 g6 2. d4 Bg7 3. c4 d6 4. Nc3 b6 5. g3 Bb7 6. Bg2 e6 7. Nge2 Ne7 8. 0-0 Nd7 9. Be3 a6 10. Qd2 h6 11. Rad1 Rb8 12. h3 Kf8 13. a4 Kg8 14. c5 Kh7 15. cxd6 cxd6 16. h4 Nf6 17. f3 Rc8 18. Rc1 Nc6 19. Na2 d5 20. e5 Ng8 21. h5 Nge7 22. hxg6+ fxg6 23. g4 Na5 24. Rxc8 Bxc8 25. Qc2 Bd7 26. b3 Qb8 27. Bd2 Rc8 28. Qb1 Nac6 29. Nb4 a5 30. Nxc6 Rxc6 31. Rc1 Rxc1+ 32. Qxc1 Qc8 33. Qxc8 Bxc8 34. Bf1 Nc6 35. Bc3 Bf8 36. Kf2 Kg7 37. Nf4 Ba3 38. Bd3 Ne7 39. Bb5 Kf7 40. Nd3 g5 41. Bd2 Ng6 42. Kg3 Be7 43. Be3 Kf8 44. f4 Kf7 45. fxg5 hxg5 46. Bd2 Nf8 47. Ne1 Bd7 48. Bd3 Kg7 49. Nf3 Kh6 50. Be3 Be8 51. Bd2 Bg6 52. Bxg6 Kxg6 53. Ne1 Nd7 54. Nd3 Nb8 55. b4 axb4 56. Bxb4 Bd8 57. Kf3 Nc6 58. Ke3 Kf7 59. Bd6 Na5 60. Bb4 Nc4+ 61. Ke2 Ke8 62. Bd2 Be7 63. Bc1 Kf7 64. Ne1 Kg6 65. Kd3 Bb4 66. Nf3 Be7 67. Kc3 Na5 68. Nd2 Nc6 69. Nf3 Na5 70. Bd2 Nc6 71. Kb3 Kh6 72. Bc3 Kg6 73. Kc2 Kh6 74. Kd3 Kg6 75. Nd2 Kf7 76. Nb3 Bd8 77. Bd2 Kg6 78. Bc3 Kf7 79. Kc2 Ne7 80. Bb4 Ng8 81. Bd6 Nh6 82. Kc3 Nxg4 83. Kb4 Ne3 84. Kb5 g4 85. Kc6 g3 86. Nd2 g2 87. Nf3 Nf5 88. Kd7 Nxd4 89. Ng1 Bg5 90. Bc7 Be3 91. Nh3 Nf3 92. Kc6 Nd4+ 93. Kb7 Nb3 0-1

[Event "Ufa-ch sf1"]
[Site "Ufa"]
[Date "2012.01.28"]
[Round "8"]
[White "Mukhametdinov, Ilyas"]
[Black "Ilkin, Albert"]
[Result "0-1"]
[WhiteElo "1943"]
[BlackElo "2165"]
[PlyCount "92"]
[EventDate "2012.01.21"]
[EventType "swiss"]
[EventRounds "9"]
[EventCountry "RUS"]
[SourceTitle "EXT 2014"]
[Source "ChessBase"]
[SourceDate "2013.11.20"]
[SourceVersion "1"]
[SourceVersionDate "2013.11.20"]
[SourceQuality "1"]

1. c4 e5 2. Nc3 Bc5 3. g3 Nc6 4. Nf3 d6 5. Bg2 Nf6 6. Na4 0-0 7. Nxc5 dxc5 8. 0-0 e4 9. Ng5 Bf5 10. f3 Bg6 11. Nxe4 Nxe4 12. fxe4 Bxe4 13. Bxe4 Qd4+ 14. Rf2 Qxe4 15. d3 Qd4 16. Bf4 Qd7 17. Qb3 b6 18. Qa4 f6 19. Raf1 Rf7 20. Kg2 a5 21. a3 Re8 22. h4 h6 23. Qd1 Rfe7 24. e4 Rd8 25. Rd2 g5 26. hxg5 fxg5 27. Be3 Ne5 28. Rf5 Rf8 29. g4 Ng6 30. Kg1 Nh4 31. Rxf8+ Kxf8 32. Bf2 Rf7 33. Bxh4 gxh4 34. Kg2 h5 35. g5 Qd6 36. Qe1 Qf4 37. Kh1 Kg7 38. Rg2 Qf3 39. Qxh4 Qxd3 40. Qxh5 Rf1+ 41. Kh2 Qd6+ 42. Rg3 Qd2+ 43. Rg2 Qf4+ 44. Rg3 Qxe4 45. Qh6+ Kg8 46. Rg2 Rf4 0-1

[Event "Ufa-ch sf1"]
[Site "Ufa"]
[Date "2012.01.22"]
[Round "2"]
[White "Ilkin, Albert"]
[Black "Timofeev, Pavel"]
[Result "0-1"]
[WhiteElo "2165"]
[BlackElo "1852"]
[PlyCount "50"]
[EventDate "2012.01.21"]
[EventType "swiss"]
[EventRounds "9"]
[EventCountry "RUS"]
[SourceTitle "EXT 2014"]
[Source "ChessBase"]
[SourceDate "2013.11.20"]
[SourceVersion "1"]
[SourceVersionDate "2013.11.20"]
[SourceQuality "1"]

1. e4 e5 2. Nf3 Nc6 3. Bb5 a6 4. Ba4 Nf6 5. 0-0 Bc5 6. Nxe5 Nxe5 7. d4 Qe7 8. Bg5 Nc4 9. dxc5 Nxb2 10. Qd4 Nxa4 11. Qxa4 Qxc5 12. Bxf6 gxf6 13. Nd2 b5 14. Qb3 Bb7 15. c4 Rg8 16. cxb5 Qg5 17. Qg3 axb5 18. Rfc1 Rc8 19. Nb3 Qxc1+ 20. Rxc1 Rxg3 21. hxg3 d6 22. Nd4 Kd7 23. Nf5 Ra8 24. Ne3 Rxa2 25. Rc2 Ra3 0-1

[Event "Ufa-ch sf1"]
[Site "Ufa"]
[Date "2012.01.21"]
[Round "1"]
[White "Kudrjushova, Elena"]
[Black "Ilkin, Albert"]
[Result "0-1"]
[WhiteElo "1720"]
[BlackElo "2165"]
[PlyCount "62"]
[EventDate "2012.01.21"]
[EventType "swiss"]
[EventRounds "9"]
[EventCountry "RUS"]
[SourceTitle "EXT 2014"]
[Source "ChessBase"]
[SourceDate "2013.11.20"]
[SourceVersion "1"]
[SourceVersionDate "2013.11.20"]
[SourceQuality "1"]

1. e4 c5 2. Nf3 Nc6 3. d4 cxd4 4. Nxd4 Nf6 5. Nc3 e5 6. Ndb5 d6 7. Bg5 a6 8. Na3 b5 9. Nd5 Be7 10. Bxf6 Bxf6 11. Bd3 0-0 12. 0-0 Bg5 13. c4 bxc4 14. Nxc4 Be6 15. f4 exf4 16. Nxf4 Bxf4 17. Rxf4 Ne5 18. Nxe5 dxe5 19. Rf2 Qd4 20. Qe2 a5 21. a3 Rab8 22. Rd1 Rfd8 23. Kh1 Bg4 24. Qxg4 Qxf2 25. Rf1 Qd4 26. Bb1 Rxb2 27. Qf3 f6 28. Qg4 Qd2 29. h3 h5 30. Qg6 Qg5 31. Qxg5 fxg5 0-1

[Event "Ufa Kopylov Memorial op 8th"]
[Site "Ufa"]
[Date "2011.12.24"]
[Round "8"]
[White "Tangatarov, Timur"]
[Black "Ilkin, Albert"]
[Result "1-0"]
[WhiteElo "2189"]
[BlackElo "2289"]
[PlyCount "93"]
[EventDate "2011.12.17"]
[EventType "swiss"]
[EventRounds "9"]
[EventCountry "RUS"]
[SourceTitle "CBM 146 Extra"]
[Source "ChessBase"]
[SourceDate "2012.02.29"]
[SourceVersion "1"]
[SourceVersionDate "2012.02.29"]
[SourceQuality "1"]

1. e4 c6 2. d4 d5 3. e5 Bf5 4. Nc3 e6 5. g4 Bg6 6. Nge2 c5 7. h4 h6 8. Be3 cxd4 9. Nxd4 Nc6 10. Bb5 Qc7 11. f4 a6 12. Ba4 Bb4 13. f5 exf5 14. gxf5 Bxc3+ 15. bxc3 Qxe5 16. Kd2 Nf6 17. fxg6 Ne4+ 18. Kc1 0-0 19. Bxc6 bxc6 20. Qd3 Nc5 21. Qd2 Ne4 22. Qd3 Nc5 23. Qe2 Rae8 24. Re1 Ne4 25. Qd3 Nc5 26. Qf5 Qd6 27. Nb3 Ne4 28. Kb2 fxg6 29. Qg4 c5 30. Rg1 c4 31. Qxg6 Qxg6 32. Rxg6 cxb3 33. axb3 Nf6 34. Bd4 Re6 35. Rag1 Rf7 36. Rxh6 Rd6 37. Rhg6 Kh7 38. R6g5 Ne8 39. Re1 Nc7 40. Rxg7+ Rxg7 41. Bxg7 Nb5 42. Bf8 Rf6 43. Bc5 Rf4 44. h5 Re4 45. Rxe4 dxe4 46. c4 Nc7 47. Be3 1-0

[Event "Ufa Kopylov Memorial op 8th"]
[Site "Ufa"]
[Date "2011.12.23"]
[Round "7"]
[White "Ilkin, Albert"]
[Black "Imashev, Ildar"]
[Result "1/2-1/2"]
[WhiteElo "2289"]
[BlackElo "2283"]
[PlyCount "109"]
[EventDate "2011.12.17"]
[EventType "swiss"]
[EventRounds "9"]
[EventCountry "RUS"]
[SourceTitle "CBM 146 Extra"]
[Source "ChessBase"]
[SourceDate "2012.02.29"]
[SourceVersion "1"]
[SourceVersionDate "2012.02.29"]
[SourceQuality "1"]

1. d4 f5 2. c4 Nf6 3. Nc3 d6 4. g3 g6 5. Nf3 Bg7 6. Bg2 0-0 7. 0-0 Nc6 8. e3 h6 9. a3 Qe8 10. b4 e5 11. d5 Ne7 12. Bb2 Bd7 13. Qb3 g5 14. c5 Kh8 15. b5 Qf7 16. cxd6 cxd6 17. Qb4 e4 18. Nd2 Nexd5 19. Nxd5 Nxd5 20. Bxg7+ Kxg7 21. Qd4+ Nf6 22. Nc4 d5 23. Ne5 Qe7 24. Nxd7 Qxd7 25. Rfc1 Qxb5 26. Rc7+ Rf7 27. Rac1 Raf8 28. Qxa7 Rxc7 29. Rxc7+ Rf7 30. Bf1 Qb1 31. Rxf7+ Kxf7 32. Qd4 Kg6 33. h3 h5 34. a4 Qc2 35. Bb5 Qc7 36. Qb4 Kf7 37. Qd4 b6 38. Kg2 Ke6 39. Ba6 h4 40. gxh4 gxh4 41. Kg1 Nh5 42. Kh1 Nf6 43. Kg2 Qc6 44. Kh1 Qc7 45. Kg2 Kf7 46. Kg1 Kg6 47. Qb4 Nh7 48. Qd4 Ng5 49. Be2 Nxh3+ 50. Kg2 Ng5 51. Qxd5 h3+ 52. Kh1 Qf7 53. Qc6+ Qf6 54. Qxf6+ Kxf6 55. Kh2 1/2-1/2

[Event "Ufa Kopylov Memorial op 8th"]
[Site "Ufa"]
[Date "2011.12.22"]
[Round "6"]
[White "Kolev, Gari"]
[Black "Ilkin, Albert"]
[Result "0-1"]
[WhiteElo "2009"]
[BlackElo "2289"]
[PlyCount "92"]
[EventDate "2011.12.17"]
[EventType "swiss"]
[EventRounds "9"]
[EventCountry "RUS"]
[SourceTitle "CBM 146 Extra"]
[Source "ChessBase"]
[SourceDate "2012.02.29"]
[SourceVersion "1"]
[SourceVersionDate "2012.02.29"]
[SourceQuality "1"]

1. d4 Nf6 2. Nf3 g6 3. Bg5 Bg7 4. e3 c5 5. c3 0-0 6. Bd3 d6 7. 0-0 Nc6 8. Nbd2 Re8 9. Qc2 Bd7 10. h3 a6 11. a4 cxd4 12. exd4 Rc8 13. Qb1 a5 14. Qa2 Be6 15. Bc4 Bxc4 16. Nxc4 Qc7 17. Ne3 e6 18. Rfe1 d5 19. Nd2 Nh5 20. Ng4 f5 21. Nh6+ Kh8 22. Nf3 Nf6 23. g3 Ne4 24. Bf4 Qe7 25. Qa3 g5 26. Bxg5 Nxg5 27. Nxg5 Bxh6 28. Nxe6 Qxa3 29. bxa3 Bd2 30. Re2 Bxc3 31. Rb1 Nxd4 32. Nxd4 Bxd4 33. Rd2 Bc5 34. Rxd5 f4 35. gxf4 b6 36. Kf1 Rcd8 37. Rh5 Rd2 38. Re5 Rxf2+ 39. Ke1 Rxe5+ 40. fxe5 Rf3 41. Kd2 Rxh3 42. Re1 Rxa3 43. Kc2 Re3 44. Rxe3 Bxe3 45. Kd3 Bc5 46. Ke4 Kg7 0-1

[Event "Ufa Kopylov Memorial op 8th"]
[Site "Ufa"]
[Date "2011.12.20"]
[Round "4"]
[White "Ilkin, Albert"]
[Black "Gataullin, Artur"]
[Result "1-0"]
[WhiteElo "2289"]
[BlackElo "2068"]
[PlyCount "61"]
[EventDate "2011.12.17"]
[EventType "swiss"]
[EventRounds "9"]
[EventCountry "RUS"]
[SourceTitle "CBM 146 Extra"]
[Source "ChessBase"]
[SourceDate "2012.02.29"]
[SourceVersion "1"]
[SourceVersionDate "2012.02.29"]
[SourceQuality "1"]

1. e4 e5 2. Nf3 Nc6 3. Bb5 a6 4. Ba4 Nf6 5. 0-0 Be7 6. Re1 b5 7. Bb3 0-0 8. h3 d6 9. c3 Na5 10. Bc2 c5 11. d4 cxd4 12. cxd4 Nc6 13. a4 Bb7 14. Na3 Nd7 15. Be3 b4 16. Nc4 a5 17. Rc1 Rc8 18. dxe5 Ncxe5 19. Nfxe5 dxe5 20. Nd6 Bxd6 21. Qxd6 Rc6 22. Qd2 Nf6 23. f3 Qe7 24. Red1 h6 25. Bb3 Rxc1 26. Rxc1 Rd8 27. Qe2 Ra8 28. Qb5 Ne8 29. Qc5 Qf6 30. Rd1 g6 31. Rd7 1-0

[Event "Ufa Kopylov Memorial op 8th"]
[Site "Ufa"]
[Date "2011.12.17"]
[Round "1"]
[White "Grigorieva, Yulia"]
[Black "Ilkin, Albert"]
[Result "0-1"]
[WhiteElo "1762"]
[BlackElo "2289"]
[PlyCount "92"]
[EventDate "2011.12.17"]
[EventType "swiss"]
[EventRounds "9"]
[EventCountry "RUS"]
[SourceTitle "CBM 146 Extra"]
[Source "ChessBase"]
[SourceDate "2012.02.29"]
[SourceVersion "1"]
[SourceVersionDate "2012.02.29"]
[SourceQuality "1"]

1. d4 Nf6 2. c4 g6 3. Nf3 Bg7 4. Nc3 0-0 5. Bg5 c5 6. e3 d6 7. Bd3 Nc6 8. 0-0 Bg4 9. dxc5 dxc5 10. Be2 Qa5 11. Qb3 Be6 12. Bxf6 Bxf6 13. Qxb7 Rfc8 14. Qb5 Rab8 15. Qxa5 Nxa5 16. Nd5 Rxb2 17. Bd3 Bxd5 18. cxd5 c4 19. Be4 c3 20. Rfc1 Nc4 21. Ne1 Na3 22. Nc2 Nc4 23. Bf3 Rcb8 24. Kf1 a5 25. Ke1 h5 26. g3 Kg7 27. Kd1 h4 28. g4 h3 29. g5 Bxg5 30. Bg4 Rd8 31. Bxh3 Rxd5+ 32. Ke1 Rd2 33. Bf1 Ne5 34. Nd4 Bh4 35. Be2 Bxf2+ 36. Kxf2 Nd3+ 37. Kf1 Nxc1 38. Rxc1 e5 39. Nb3 Rxe2 40. Rxc3 Rxh2 41. Kg1 Rbg2+ 42. Kf1 Rxa2 43. Kg1 a4 44. Nc1 Rag2+ 45. Kf1 Rc2 46. Rxc2 Rxc2 0-1

[Event "Ufa-ch FL"]
[Site "Ufa"]
[Date "2011.11.28"]
[Round "8.2"]
[White "Ilkin, Albert"]
[Black "Kolev, Gari"]
[Result "1-0"]
[WhiteElo "2289"]
[BlackElo "2009"]
[PlyCount "64"]
[EventDate "2011.11.20"]
[EventType "swiss"]
[EventRounds "9"]
[EventCountry "RUS"]
[SourceTitle "EXT 2022"]
[Source "ChessBase"]
[SourceDate "2021.10.06"]
[SourceVersion "1"]
[SourceVersionDate "2021.10.06"]
[SourceQuality "1"]

1. e4 c5 2. d4 cxd4 3. c3 d3 4. c4 e6 5. Nc3 Nc6 6. Bxd3 Nf6 7. Nf3 d6 8. 0-0 Be7 9. h3 0-0 10. Qe2 a6 11. Rd1 Qc7 12. Bf4 Nd7 13. Rac1 Nce5 14. b3 b6 15. Bb1 Bb7 16. Nd4 Rad8 17. Bg3 Qb8 18. f4 Nc6 19. Nxc6 Bxc6 20. Nd5 exd5 21. exd5 Bb7 22. Qxe7 Rfe8 23. Qh4 Nf6 24. Bf2 Qc7 25. Re1 h6 26. Bd4 Nh7 27. Qf2 Qd7 28. Bxb6 Rb8 29. Bd4 a5 30. Qg3 f6 31. Bg6 Rec8 32. Qd3 Nf8 1-0

[Event "Ufa-ch FL"]
[Site "Ufa"]
[Date "2011.11.20"]
[Round "1.2"]
[White "Sabitov, Gamir"]
[Black "Ilkin, Albert"]
[Result "0-1"]
[WhiteElo "1850"]
[BlackElo "2289"]
[PlyCount "60"]
[EventDate "2011.11.20"]
[EventType "swiss"]
[EventRounds "9"]
[EventCountry "RUS"]
[SourceTitle "EXT 2022"]
[Source "ChessBase"]
[SourceDate "2021.10.06"]
[SourceVersion "1"]
[SourceVersionDate "2021.10.06"]
[SourceQuality "1"]

1. e4 e5 2. Nf3 Nc6 3. d4 exd4 4. Bc4 Nf6 5. e5 d5 6. exf6 dxc4 7. fxg7 Bxg7 8. 0-0 0-0 9. Bf4 Bf5 10. Qc1 a6 11. Bh6 Bxh6 12. Qxh6 Bxc2 13. Ng5 Qd6 14. Qh3 Qg6 15. f4 Rfe8 16. Na3 Bd3 17. Rf3 Bf5 18. g4 Bd3 19. Qh4 f6 20. Ne6 Rxe6 21. f5 Bxf5 22. Rxf5 Ne5 23. Kh1 Nxg4 24. Rf4 Re4 25. Raf1 Rxf4 26. Rxf4 Ne3 27. Qf2 Rd8 28. Rf3 Kf7 29. Qd2 Qe4 30. Qe2 d3 0-1

[Event "Ufa Siamidi Memorial"]
[Site "Ufa"]
[Date "2011.10.21"]
[Round "6.5"]
[White "Kolev, Gari"]
[Black "Ilkin, Albert"]
[Result "0-1"]
[WhiteElo "1980"]
[BlackElo "2147"]
[PlyCount "74"]
[EventDate "2011.10.16"]
[EventType "swiss"]
[EventRounds "9"]
[EventCountry "RUS"]
[SourceTitle "EXT 2012"]
[Source "ChessBase"]
[SourceDate "2011.11.24"]
[SourceVersion "1"]
[SourceVersionDate "2011.11.24"]
[SourceQuality "1"]

1. Nf3 g6 2. g3 Bg7 3. Bg2 Nf6 4. 0-0 0-0 5. d3 c6 6. e4 d6 7. Nbd2 Nbd7 8. c3 e5 9. Qc2 Re8 10. b3 d5 11. Bb2 c5 12. b4 dxe4 13. dxe4 Qc7 14. b5 c4 15. Rfe1 a5 16. a4 Nb6 17. Nf1 h6 18. Ne3 Be6 19. Ba3 Bf8 20. Bxf8 Rxf8 21. Nh4 Rad8 22. Rad1 Kg7 23. Bf1 Rxd1 24. Rxd1 Rd8 25. Ra1 Qc5 26. Be2 Rd7 27. Nhg2 h5 28. Kh1 Qd6 29. Ra2 Rd8 30. h4 Nfd7 31. Ne1 Nc5 32. Nf3 Nd3 33. Kg2 Bg4 34. Nxg4 hxg4 35. Ra1 gxf3+ 36. Bxf3 Qf6 37. Ra2 Qxf3+ 0-1

[Event "Ufa Siamidi Memorial"]
[Site "Ufa"]
[Date "2011.10.19"]
[Round "4.4"]
[White "Tangatarov, Timur"]
[Black "Ilkin, Albert"]
[Result "1-0"]
[WhiteElo "2175"]
[BlackElo "2147"]
[PlyCount "83"]
[EventDate "2011.10.16"]
[EventType "swiss"]
[EventRounds "9"]
[EventCountry "RUS"]
[SourceTitle "EXT 2012"]
[Source "ChessBase"]
[SourceDate "2011.11.24"]
[SourceVersion "1"]
[SourceVersionDate "2011.11.24"]
[SourceQuality "1"]

1. e4 e5 2. Nf3 Nc6 3. Bb5 a6 4. Ba4 Nf6 5. 0-0 Be7 6. Re1 b5 7. Bb3 0-0 8. h3 d6 9. c3 Na5 10. Bc2 c5 11. d4 cxd4 12. cxd4 Nc6 13. a3 Re8 14. d5 Nb8 15. Nbd2 Nbd7 16. Nf1 Nb6 17. g4 g6 18. Ng3 Nfd7 19. Kg2 Nf8 20. b3 a5 21. Qe2 Bd7 22. Bd3 Rb8 23. Bxb5 Bxb5 24. Qxb5 Nbd7 25. Qc4 Qb6 26. Rb1 Rec8 27. Be3 Qb5 28. Qxb5 Rxb5 29. Nd2 Nc5 30. Rec1 Rcb8 31. a4 Rb4 32. Bxc5 dxc5 33. Nc4 Rxb3 34. Rxb3 Rxb3 35. Nxe5 Bf6 36. Nc6 Bc3 37. e5 Nd7 38. e6 fxe6 39. dxe6 Nf6 40. Ne2 Rb6 41. Ne7+ Kf8 42. Nxc3 1-0

[Event "Ufa Siamidi Memorial"]
[Site "Ufa"]
[Date "2011.10.16"]
[Round "1.7"]
[White "Ilkin, Albert"]
[Black "Evstafiev, Dmitry"]
[Result "1-0"]
[WhiteElo "2147"]
[BlackElo "1781"]
[PlyCount "99"]
[EventDate "2011.10.16"]
[EventType "swiss"]
[EventRounds "9"]
[EventCountry "RUS"]
[SourceTitle "EXT 2012"]
[Source "ChessBase"]
[SourceDate "2011.11.24"]
[SourceVersion "1"]
[SourceVersionDate "2011.11.24"]
[SourceQuality "1"]

1. e4 e6 2. d4 d5 3. Nc3 dxe4 4. Nxe4 Nd7 5. Nf3 Ngf6 6. Nxf6+ Nxf6 7. Bd3 b6 8. 0-0 Bb7 9. Bg5 Be7 10. Qe2 0-0 11. Rad1 h6 12. Bh4 Nd7 13. Bxe7 Qxe7 14. c4 Rfe8 15. Rfe1 Qf6 16. Be4 Bxe4 17. Qxe4 c5 18. Qc6 Red8 19. dxc5 Nxc5 20. Rxd8+ Rxd8 21. Qc7 Rd7 22. Qc8+ Rd8 23. Qc7 Rd7 24. Qb8+ Kh7 25. Qe5 Qxe5 26. Nxe5 Rd2 27. b4 Nd3 28. Nxd3 Rxd3 29. Rc1 Kg6 30. Kf1 Kf5 31. Ke2 Rd7 32. c5 bxc5 33. Rxc5+ Ke4 34. a4 Rb7 35. b5 g6 36. Kd2 Kd4 37. Rc6 Kd5 38. Kc3 e5 39. Kb4 e4 40. a5 h5 41. Rc1 f5 42. a6 Rg7 43. Ra1 Rg8 44. Rd1+ Ke6 45. Rc1 Rg7 46. Rc8 Re7 47. Kc3 Kd5 48. Rg8 Rc7+ 49. Kd2 Rc5 50. b6 1-0

[Event "Ufa op"]
[Site "Ufa"]
[Date "2010.11.25"]
[Round "6"]
[White "Valiullin, Artur"]
[Black "Ilkin, Albert"]
[Result "1/2-1/2"]
[WhiteElo "1863"]
[BlackElo "2145"]
[PlyCount "110"]
[EventDate "2010.11.20"]
[EventType "swiss"]
[EventRounds "9"]
[EventCountry "RUS"]
[SourceTitle "CBM 139 Extra"]
[Source "ChessBase"]
[SourceDate "2011.01.05"]
[SourceVersion "1"]
[SourceVersionDate "2011.01.05"]
[SourceQuality "1"]

1. e4 e5 2. Nf3 Nc6 3. Bb5 a6 4. Ba4 Nf6 5. d3 b5 6. Bb3 Be7 7. c3 d6 8. 0-0 0-0 9. Nbd2 Na5 10. Bc2 c5 11. Re1 Re8 12. Nf1 Bf8 13. Bg5 h6 14. Bh4 g6 15. Ne3 Bg7 16. Qd2 Kh7 17. a4 Be6 18. d4 Nb3 19. Bxb3 Bxb3 20. axb5 axb5 21. d5 Qd7 22. Bxf6 Bxf6 23. h4 h5 24. g3 Bg7 25. Kg2 Bh6 26. Qe2 Bxe3 27. Qxe3 f6 28. Nd2 c4 29. Nxb3 cxb3 30. Qf3 Kg7 31. Rxa8 Rxa8 32. Qd1 f5 33. exf5 Qxf5 34. Qxb3 Rf8 35. Rf1 g5 36. Qb4 Qf3+ 37. Kg1 Qxd5 38. hxg5 Kg6 39. Re1 Kxg5 40. Qe4 Qxe4 41. Rxe4 Rb8 42. Kg2 Kf5 43. Rb4 d5 44. Kf3 e4+ 45. Ke3 Ke5 46. f3 exf3 47. Kxf3 Kd6 48. Kg2 Kc5 49. Kh3 Re8 50. Rh4 Re5 51. Rf4 Re1 52. Rd4 Re4 53. Rd2 b4 54. cxb4+ Rxb4 55. Kg2 d4 1/2-1/2

[Event "Ufa Dautov Memorial op"]
[Site "Ufa"]
[Date "2010.04.11"]
[Round "9"]
[White "Jamilov, Robert F"]
[Black "Ilkin, Albert"]
[Result "1/2-1/2"]
[WhiteElo "2420"]
[BlackElo "2134"]
[PlyCount "21"]
[EventDate "2010.04.03"]
[EventType "swiss"]
[EventRounds "9"]
[EventCountry "RUS"]
[SourceTitle "CBM 135 Extra"]
[Source "ChessBase"]
[SourceDate "2010.05.04"]
[SourceVersion "1"]
[SourceVersionDate "2010.05.04"]
[SourceQuality "1"]

1. e4 e5 2. Nf3 Nc6 3. Bb5 a6 4. Ba4 Nf6 5. 0-0 Be7 6. d3 b5 7. Bb3 d6 8. a4 Bb7 9. axb5 axb5 10. Rxa8 Bxa8 11. Nc3 1/2-1/2

[Event "Ufa Dautov Memorial op"]
[Site "Ufa"]
[Date "2010.04.10"]
[Round "8"]
[White "Dubov, Danil"]
[Black "Ilkin, Albert"]
[Result "1/2-1/2"]
[WhiteElo "2161"]
[BlackElo "2134"]
[PlyCount "59"]
[EventDate "2010.04.03"]
[EventType "swiss"]
[EventRounds "9"]
[EventCountry "RUS"]
[SourceTitle "CBM 135 Extra"]
[Source "ChessBase"]
[SourceDate "2010.05.04"]
[SourceVersion "1"]
[SourceVersionDate "2010.05.04"]
[SourceQuality "1"]

1. e4 c5 2. Nf3 Nc6 3. d4 cxd4 4. Nxd4 Nf6 5. Nc3 e5 6. Ndb5 d6 7. Bg5 a6 8. Na3 Be7 9. Bxf6 Bxf6 10. Nc4 Be7 11. Nd5 Be6 12. c3 b5 13. Nce3 Bg5 14. a4 b4 15. cxb4 Bxe3 16. Nxe3 Nxb4 17. Bc4 Qd7 18. Qd2 Rb8 19. Rd1 0-0 20. Qxd6 Nc2+ 21. Nxc2 Qxd6 22. Rxd6 Bxc4 23. Ne3 Rb4 24. Kd2 Rxa4 25. Nxc4 Rxc4 26. Kd3 Rb4 27. Rxa6 Rxb2 28. Ke3 Rfb8 29. Ra3 g6 30. Rd1 1/2-1/2

[Event "Ufa Dautov Memorial op"]
[Site "Ufa"]
[Date "2010.04.05"]
[Round "3"]
[White "Ilkin, Albert"]
[Black "Darmin, Dmitry"]
[Result "0-1"]
[WhiteElo "2134"]
[BlackElo "2361"]
[PlyCount "72"]
[EventDate "2010.04.03"]
[EventType "swiss"]
[EventRounds "9"]
[EventCountry "RUS"]
[SourceTitle "CBM 135 Extra"]
[Source "ChessBase"]
[SourceDate "2010.05.04"]
[SourceVersion "1"]
[SourceVersionDate "2010.05.04"]
[SourceQuality "1"]

1. d4 Nf6 2. c4 e5 3. dxe5 Ng4 4. e4 Nxe5 5. f4 Nec6 6. Be3 Bb4+ 7. Nc3 Qe7 8. Bd3 Bxc3+ 9. bxc3 d6 10. Qf3 Nd7 11. Ne2 Nde5 12. fxe5 Nxe5 13. Qg3 Nxd3+ 14. Kd2 Ne5 15. Qxg7 Nxc4+ 16. Kd3 Qe5 17. Qxe5+ Nxe5+ 18. Kc2 Bd7 19. Bd4 c5 20. Bxe5 dxe5 21. c4 Be6 22. Kc3 Rg8 23. Rad1 Rxg2 24. Rhg1 Rxg1 25. Rxg1 Kf8 26. Rb1 Rb8 27. Nc1 Ke7 28. Nd3 Kd6 29. Rb5 b6 30. Nxc5 Bxc4 31. Kxc4 Rc8 32. Rb2 Rxc5+ 33. Kd3 Ra5 34. Rf2 Ke6 35. Rc2 Ra3+ 36. Kc4 Re3 0-1